000 00374nam a2200145Ia 4500
008 230917s9999||||xx |||||||||||||| ||und||
040 _e197355
_aMAIN
041 _aEnglish
082 _a510 N167F
100 _aNarlikar, Jayant V
245 0 _aFun and fundamentals of Mathematics
260 _aHyderabad
_bUniversities Press
_c2001
300 _avi, 194 p.
942 _cBK
999 _c162683
_d162683